Computational moving boundary problems
Αποθηκεύτηκε σε:
| Κύριος συγγραφέας: | |
|---|---|
| Άλλοι συγγραφείς: | |
| Μορφή: | Βιβλίο |
| Γλώσσα: | English |
| Δημοσίευση: |
Tauton, Somerset, England : New York :
Research Studies, Press Ltd. ; , John Wiley,
c1994
|
| Σειρά: | Electronic & electrical engineering research studies. Applied and engineering mathematics series ;
; 8 |
| Θέματα: | |
| Ετικέτες: |
Προσθήκη ετικέτας
Δεν υπάρχουν, Καταχωρήστε ετικέτα πρώτοι!
|
MARC
| LEADER | 00000nam a2200000 i 4500 | ||
|---|---|---|---|
| 001 | 1/48162 | ||
| 008 | 950726s1994 eng d | ||
| 020 | |a 0-86380-168-4 | ||
| 035 | |1 ΕΛΗ |a 1995 |b 1807 |c ΣΕΙΜΕΝΗΣ |l 10043263 | ||
| 040 | |a GR-MY-UA |b gre |e aacr | ||
| 041 | 0 | |a eng | |
| 082 | 0 | |a 620.001515353 | |
| 100 | 1 | |a Zerroukat, M. |q (Mohamed) |d 1964- | |
| 245 | 1 | 0 | |a Computational moving boundary problems / |c M. Zerroukat and C.R. Chatwin |
| 260 | |a Tauton, Somerset, England : |a New York : |b Research Studies, Press Ltd. ; , |b John Wiley, |c c1994 | ||
| 300 | |a x, 212 p.; |b ill.; |c 24 cm. | ||
| 490 | 1 | |a Applied and engineering mathematics series |v ; 8 | |
| 500 | |a Includes bibliographical references and indexes | ||
| 650 | 0 | 0 | |a Boundary value problems. |
| 650 | 0 | 0 | |a Finite differences. |
| 650 | 0 | 0 | |a Heat |x Transmission |x Mathematical models. |
| 700 | 1 | |a Chatwin, C. R. |q (Chris R.) | |
| 830 | 0 | |a Electronic & electrical engineering research studies. Applied and engineering mathematics series ; |v ; 8 | |
| 852 | |a INST |b SAMOS |e 19950726 |h 620.001515353 ZER |p 005300012071 |q 005300012071 |t BK |y 0 | ||
| 901 | |a BIBL-1997-2 | ||
| 909 | |a Σ |b 051449 | ||